000 01130nca a2200301 a 4500
999 _c322416
_d322416
003 BLK
005 20250127160903.0
008 180414c bul|r|ner|||| 00| c0bul d
010 _aNOT00004161016
040 _aBLK
041 _aBUL
_cBUL
080 _aВокална музика
_b784
_z784
100 _aПопов, Тодор
_eпърви автор
_91299
139 _aПопов, Тодор
_bП 76
245 1 0 _aПробудна песен
_cТодор Попов; текст Христо Ясенов.
_bза среден глас и пиано
257 _aBGR
260 _9209548
_aСофия
_bНаука и изкуство
_c1955
_n978-954-02-
300 _a6 с.
_c29 см
380 _a7
650 7 _aПиано - съпровод
_2
_9166264
650 7 _9151225
_aВокална музика
700 1 _aЯсенов, Христо
_eтекст
_gТуджаров, Христо Павлов
_9383920
773 _0322400
_9676173
_tСолови песни за глас и пиано
852 _aЦб М ІІ 1109
_bЦб
942 _cNOT
_n0
_s1
944 _aCR
_c2020-04-20
_k30560
_lГеновева Генчева
999 _d322416